| 000 | 00775nam0a22002531 4500 | ||
|---|---|---|---|
| 001 | v19\rc\1832060 | ||
| 005 | 20250619140612.0 | ||
| 035 | _a(NLR Aleph) 004927375 | ||
| 090 |
_a5642791 _c5642791 |
||
| 100 | _a20071224d1908 |||y0rusy50 ca | ||
| 101 | 0 | _arus | |
| 102 | _aRU | ||
| 105 | _ay z ||||| | ||
| 200 | 1 |
_aЖурнальная рецензия книги Э. Ренана "Апостолы". Пер. Ф.Н. Латернера. Спб., 1907 г., 289 с. _fИ.Н. |
|
| 210 |
_aКиев _cтип. "Просвещение" _d1908 |
||
| 215 |
_a47 с. _d24 |
||
| 701 | 0 | _aИ.Н. | |
| 801 | 0 |
_aRU _bNLR _gpsbo |
|
| 801 | 0 |
_aRU _bRuMoRGB _2psbo |
|
| 801 | 1 |
_aRU _bProSoft-M _2rusmarc |
|
| 852 |
_aNLR _j34.53.5.347 |
||
| 899 |
_aRuMoRGB _jU 24/535 |
||
| 942 | _cBOOK | ||
| 980 | _aNB | ||